Lí thuyết chữ Nôm văn nôm

Đã lưu trong:
書目詳細資料
主要作者: Nguyễn Ngọc San
格式: 圖書
出版: H. Đại học sư phạm 2003
主題:
標簽: 添加標簽
沒有標簽, 成為第一個標記此記錄!
Thư viện lưu trữ: Trung tâm Học liệu Lê Vũ Hùng, Trường Đại học Đồng Tháp
LEADER 00761nam a22002418a 4500
001 00016759
005 20171026081022.0
008 110413s2003 ||||||Viesd
041 0 # |a Vie 
082 1 4 |a 495.922  |b L600TH 
100 0 # |a Nguyễn Ngọc San 
245 0 0 |a Lí thuyết chữ Nôm văn nôm  |c Nguyễn Ngọc San 
260 # # |a H.  |b Đại học sư phạm  |c 2003 
300 # # |c 21 cm.  |a 576 tr. 
653 # # |a Chữ Nôm 
653 # # |a Âm đọc 
653 # # |a Cấu trúc 
653 # # |a Chữ Nôm cổ 
852 # # |j KD.0002202  |j KM.0011857 
852 # # |b Kho đọc  |j KD.0002202 
852 # # |b Kho mượn  |j KM.0011857 
910 |d 13/04/2011 
980 # # |a Trung tâm Học liệu Lê Vũ Hùng, Trường Đại học Đồng Tháp